000 00382nam a2200133 i 4500
001 bg
100 1 _aHENRICH, Lutz J.
245 0 _aPrzetwarzanie danych na maszynach cyfrowych klawiaturowych :
_bsprzęt oprogramowanie zastosowanie /
_cLutz J. Henrich.
260 _aWarszawa,
_c1974.
040 _cBPK
041 _apol
942 _cKS
008 s pl f |000 0 pol
999 _c26227
_d26227
856 _uhttp://koha.tu.koszalin.pl/cgi-bin/koha/opac-detail.pl?biblionumber=26227
_yKatalog online BPK